|
|
|
|
| LEADER |
01523nam a2200301 a 4500 |
| 001 |
16327596 |
| 008 |
110925r20112010enka 000 0 eng |
| 010 |
|
|
|a 2010455332
|
| 020 |
|
|
|a 9780199697595
|
| 020 |
|
|
|a 9780199564330
|
| 040 |
|
|
|a DLC
|c DLC
|d DLC
|d BD-DhAAL
|
| 050 |
0 |
0 |
|a HF5387
|b .C73 2010
|
| 082 |
0 |
0 |
|a 174/.4
|2 22
|
| 100 |
1 |
|
|a Crane, Andrew,
|d 1968-
|
| 245 |
1 |
0 |
|a Business ethics :
|b managing corporate citizenship and sustainability in the age of globalization /
|c Andrew Crane, Dirk Matten.
|
| 250 |
|
|
|a 3rd ed.
|
| 260 |
|
|
|a Oxford ;
|a New York :
|b Oxford University Press,
|c 2010 [reprinted 2011]..
|
| 300 |
|
|
|a xxv, 614 p. :
|b ill. ;
|c 25 cm.
|
| 500 |
|
|
|a Updated ed. of Business ethics, a European perspective.
|
| 504 |
|
|
|a Includes bibliographical references (p. [557]-581) and indexes.
|
| 541 |
|
|
|e 00023506
|
| 650 |
|
0 |
|a Business ethics.
|
| 700 |
1 |
|
|a Matten, Dirk.
|
| 852 |
1 |
|
|a Ayesha Abed Library
|c General shelf.
|
| 999 |
|
|
|c 11257
|d 11257
|
| 952 |
|
|
|0 0
|1 0
|2 ddc
|4 0
|6 174_400000000000000_CRA
|7 0
|9 18197
|a BRACUL
|b BRACUL
|c GEN
|d 2011-09-25
|e Mullick & Brothers
|g 670.00
|l 3
|m 4
|o 174.4 CRA
|p 3010023506
|r 2017-06-05
|s 2017-05-24
|t 1
|w 2011-09-25
|y BK
|
| 952 |
|
|
|0 0
|1 0
|2 ddc
|4 0
|6 174_400000000000000_CRA
|7 0
|9 18366
|a BRACUL
|b BRACUL
|c GEN
|d 2011-10-05
|e Book Web
|g 670.00
|l 2
|m 1
|o 174.4 CRA
|p 3010023693
|r 2024-06-12
|s 2024-06-05
|t 2
|w 2011-10-10
|y BK
|
| 952 |
|
|
|0 0
|1 0
|2 ddc
|4 0
|6 174_400000000000000_CRA
|7 0
|9 18367
|a BRACUL
|b BRACUL
|c GEN
|d 2011-10-05
|e Book Web
|g 670.00
|l 5
|m 18
|o 174.4 CRA
|p 3010023694
|r 2023-06-07
|s 2023-05-30
|t 3
|w 2011-10-10
|y BK
|